MARC

LEADER 00000nam0a2200000 4500
001 67863
005 20231031074217.0
035 |a (RuTPU)RU\TPU\book\72258 
090 |a 67863 
100 |a 20040927d1958 km y0rusy50 ca 
101 0 |a rus 
102 |a RU 
105 |a a g 001zy 
200 1 |a Справочник по тепловым сетям  |f С. Е. Захаренко 
205 |a 2-е изд., перераб. 
210 |a Москва  |c Госэнергоиздат  |d 1958  |a Ленинград 
215 |a 519 с.  |c ил. 
225 1 |a Строительство и монтаж 
320 |a Библиогр.: с. 513-514. 
610 1 |a системы теплоснабжения 
610 1 |a теплофикация 
610 1 |a тепловые сети 
610 1 |a постройка 
610 1 |a справочники 
675 |a 621.186(035)  |v 3 
700 1 |a Захаренко  |b С. Е.  |g Семен Евсеевич 
801 1 |a RU  |b 63413507  |c 20040927  |g PSBO 
801 2 |a RU  |b 63413507  |c 20191213  |g PSBO 
942 |c BK